000 00849nam a2200229 i 4500
001 40694
003 ES-MaACL
005 20250824212145.0
007 t|
008 030306s1973 sp ||||1| spa d
245 0 0 _aCapital monopolista y sociedad autoritaria
_b: la involución autoritaria en la R.F.A. /
_cAbendroth... [et al.] ; prólogo, selección y presentación de Claudio Pozzoli ; [traducido por Ramiro Gual].
250 _a1ª ed.
260 _aBarcelona :
_bFontanella,
_c1973.
300 _a258 p. ;
_c21 cm.
490 1 _aLibros de confrontación. Sociología ;
_v2
700 1 _aAbendroth, Wolfgang,
_918084
700 1 _aPozzoli, Claudio.
_993568
700 1 _aGual, Ramiro.
_960284
830 0 0 _aLibros de confrontación (Fontanella)
_v2
_9183492
852 _aES-MaACL
_jC-52999
_bR.86203
999 _c40694
_d40694